Statistics for 1,000 Biggest U.S. Cities on a Map

Click here to take the quiz!

General Stats

  • This quiz has been taken 28,719 times
    (28,390 since last reset)
  • The average score is 312 of 1000

Answers on the Map

Answers color-coded by a green-red scale on the quiz's map according to % correct below.
 

Answer Stats

StatePopulationCity% Correct
NY8,405,837New York
93%
IL2,718,782Chicago
91%
CA3,884,307Los Angeles
91%
TX1,257,676Dallas
89%
TX2,195,914Houston
89%
NV603,488Las Vegas
89%
FL417,650Miami
89%
AZ1,513,367Phoenix
88%
UT90,231Sandy
88%
WA652,405Seattle
88%
MA645,966Boston
87%
CO649,495Denver
87%
MS172,638Jackson
87%
TN67,685Jackson
87%
PA1,553,165Philadelphia
87%
CA837,442San Francisco
87%
TX885,400Austin
86%
MI688,701Detroit
86%
OR609,456Portland
86%
ME66,318Portland
86%
DC646,449Washington, D.C.
86%
GA447,841Atlanta
84%
IN843,393Indianapolis
84%
FL842,583Jacksonville
84%
NC69,079Jacksonville
84%
LA378,715New Orleans
84%
TX1,409,019San Antonio
84%
CA1,355,896San Diego
84%
IN45,775Columbus
83%
OH822,553Columbus
83%
GA202,824Columbus
83%
HI347,884Honolulu
83%
KS148,483Kansas City
83%
MO467,007Kansas City
83%
TN634,464Nashville
83%
OK610,613Oklahoma City
83%
MN400,070Minneapolis
82%
FL255,483Orlando
82%
CA66,695Pittsburg
82%
NC792,862Charlotte
81%
TX674,433El Paso
81%
TN653,450Memphis
81%
UT191,180Salt Lake City
81%
FL352,957Tampa
81%
NM556,495Albuquerque
80%
MD622,104Baltimore
80%
NY258,959Buffalo
80%
TN42,774Cleveland
80%
OH390,113Cleveland
80%
WI599,164Milwaukee
80%
CA479,686Sacramento
80%
CA998,537San Jose
80%
MO318,416St. Louis
80%
AK300,950Anchorage
79%
ID214,237Boise
79%
OH59,357Springfield
79%
OR60,177Springfield
79%
MA153,703Springfield
79%
IL117,006Springfield
79%
MO164,122Springfield
79%
OH297,517Cincinnati
78%
TX792,727Fort Worth
78%
KY609,893Louisville
77%
CA45,237Lincoln
76%
NE268,738Lincoln
76%
LA229,426Baton Rouge
75%
NE434,353Omaha
75%
NC431,746Raleigh
75%
VA214,114Richmond
75%
CA107,571Richmond
75%
MN294,873St. Paul
75%
AZ526,116Tucson
75%
OR51,583Albany
74%
NY98,424Albany
74%
GA76,185Albany
74%
CO439,886Colorado Springs
74%
NV233,294Reno
74%
FL186,411Tallahassee
74%
NC236,441Winston-Salem
74%
AL212,113Birmingham
73%
SC127,999Charleston
73%
WV50,821Charleston
73%
AR197,357Little Rock
72%
AL45,799Madison
72%
WI243,344Madison
72%
OR160,614Salem
72%
MA42,544Salem
72%
OK398,121Tulsa
72%
IA207,510Des Moines
71%
CA406,253Oakland
71%
VA448,479Virginia Beach
71%
CA509,924Fresno
70%
RI177,994Providence
70%
NM69,976Santa Fe
70%
MO115,276Columbia
69%
SC133,358Columbia
69%
KS386,552Wichita
69%
TX104,898Wichita Falls
69%
OH47,777Newark
68%
CA44,096Newark
68%
NJ278,427Newark
68%
AL201,332Montgomery
67%
NY210,358Rochester
67%
MN110,742Rochester
67%
WY62,448Cheyenne
66%
PA305,841Pittsburgh
66%
CA92,599Carson
65%
CA469,428Long Beach
65%
SD164,676Sioux Falls
65%
OH282,313Toledo
65%
TX379,577Arlington
64%
TX316,381Corpus Christi
64%
CT125,017Hartford
64%
KY308,428Lexington
64%
AL194,899Mobile
64%
CA363,630Bakersfield
63%
GA142,772Savannah
63%
WA210,721Spokane
63%
MO54,842St. Peters
63%
ND67,034Bismarck
62%
OH143,355Dayton
62%
ND113,658Fargo
62%
NJ257,342Jersey City
62%
AZ457,587Mesa
62%
NY144,669Syracuse
62%
KS127,679Topeka
62%
CA345,012Anaheim
61%
GA197,350Augusta
61%
TN183,270Knoxville
61%
MI192,294Grand Rapids
60%
IL199,963Aurora
59%
CO345,803Aurora
59%
MT109,059Billings
59%
CA125,880Concord
59%
NC83,506Concord
59%
NH42,419Concord
59%
FL172,389Fort Lauderdale
59%
IN256,496Fort Wayne
59%
WI104,779Green Bay
59%
MI113,972Lansing
59%
TX196,429Amarillo
58%
PA49,188Harrisburg
58%
NH110,378Manchester
58%
FL249,688St. Petersburg
58%
DE37,366Dover
57%
NC279,639Greensboro
57%
NV226,877North Las Vegas
57%
WA48,338Olympia
57%
CA316,619Riverside
57%
CA213,708San Bernardino
57%
WA203,446Tacoma
57%
OH198,100Akron
56%
NV54,080Carson City
56%
NC245,475Durham
56%
PA100,671Erie
56%
VA246,139Norfolk
56%
NJ84,349Trenton
56%
CO103,166Boulder
55%
OR159,190Eugene
55%
CA334,227Santa Ana
55%
NC112,067Wilmington
55%
DE71,525Wilmington
55%
TN173,366Chattanooga
54%
NV270,811Henderson
54%
TX239,538Lubbock
54%
CT130,660New Haven
54%
CA90,412Santa Barbara
54%
WA167,405Vancouver
54%
LA124,276Lafayette
53%
IN70,373Lafayette
53%
MN86,128Duluth
52%
TX92,020Allen
51%
GA119,980Athens
51%
TX181,860Brownsville
51%
AR78,960Fayetteville
51%
NC204,408Fayetteville
51%
CA236,716Irvine
51%
MO43,330Jefferson City
51%
TX248,142Laredo
51%
TX152,735Pasadena
51%
CA139,731Pasadena
51%
UT116,288Provo
51%
LA200,327Shreveport
51%
CA298,118Stockton
51%
TX129,030Waco
51%
MA182,544Worcester
51%
LA48,426Alexandria
50%
VA148,892Alexandria
50%
MD38,722Annapolis
50%
MI117,025Ann Arbor
50%
VT42,284Burlington
50%
NC51,510Burlington
50%
AZ234,632Glendale
50%
CA196,021Glendale
50%
FL146,526Hollywood
50%
AL186,254Huntsville
50%
TX39,795Huntsville
50%
AZ226,918Scottsdale
50%
NY199,766Yonkers
50%
IA128,429Cedar Rapids
48%
IN78,450Gary
48%
CA139,969Orange
48%
CA92,472Santa Monica
48%
CT147,216Bridgeport
47%
CO152,061Fort Collins
47%
WV49,177Huntington
47%
CA197,575Huntington Beach
47%
TX38,071Lancaster
47%
PA59,325Lancaster
47%
CA159,523Lancaster
47%
OH39,325Lancaster
47%
IA82,459Sioux City
47%
UT76,817St. George
47%
PA118,577Allentown
46%
NJ39,551Atlantic City
46%
FL62,316Daytona Beach
46%
TX136,639McAllen
46%
TX274,409Plano
46%
PA75,806Scranton
46%
MA107,289Cambridge
45%
VA230,571Chesapeake
45%
AZ68,667Flagstaff
45%
MI99,763Flint
45%
GA89,981Macon
45%
VA182,020Newport News
45%
IL116,513Peoria
45%
AZ162,592Peoria
45%
AZ249,146Chandler
44%
CA256,780Chula Vista
44%
NY49,468Niagara Falls
44%
CA120,245Santa Clara
44%
WY59,628Casper
43%
FL127,488Gainesville
43%
SC61,397Greenville
43%
NC89,130Greenville
43%
TX228,653Irving
43%
CA179,590Santa Clarita
43%
CA116,768Berkeley
42%
TX48,733Galveston
42%
ID58,292Idaho Falls
42%
MI42,181Midland
42%
TX123,933Midland
42%
IN100,886South Bend
42%
AZ168,228Tempe
42%
IN120,310Evansville
41%
CA224,922Fremont
41%
IA71,591Iowa City
41%
NM101,324Las Cruces
41%
MT69,122Missoula
41%
CA204,933Modesto
41%
IL150,251Rockford
41%
NE53,663Bellevue
40%
WA133,992Bellevue
40%
IA102,157Davenport
40%
NJ127,558Elizabeth
40%
TX110,720Odessa
40%
UT84,249Ogden
40%
CA167,500Ontario
40%
CA203,007Oxnard
40%
CO108,249Pueblo
40%
CA171,990Santa Rosa
40%
AL95,334Tuscaloosa
40%
AZ91,923Yuma
40%
NC87,236Asheville
39%
OR81,236Bend
39%
IL78,902Bloomington
39%
IN82,575Bloomington
39%
MN86,319Bloomington
39%
FL165,831Cape Coral
39%
FL68,190Fort Myers
39%
AZ229,972Gilbert
39%
FL233,394Hialeah
39%
IL147,806Joliet
39%
FL91,026Miami Beach
39%
KS181,260Overland Park
39%
FL52,703Pensacola
39%
VA98,465Roanoke
39%
TX120,099Abilene
38%
VA136,699Hampton
38%
WA124,435Kent
38%
IL144,864Naperville
38%
OK118,197Norman
38%
SD70,812Rapid City
38%
CT126,456Stamford
38%
TN142,357Clarksville
37%
TX123,099Denton
37%
TX234,566Garland
37%
WI99,889Kenosha
37%
LA49,761Monroe
37%
CA46,281Palm Springs
37%
MN73,987Plymouth
37%
CA91,119Redding
37%
KS47,846Salina
37%
CA62,864Santa Cruz
37%
FL102,436West Palm Beach
37%
TX117,796Beaumont
36%
CA40,481Beaumont
36%
MS44,820Biloxi
36%
MT39,860Bozeman
36%
FL109,703Clearwater
36%
TX100,050College Station
36%
MS42,935Everett
36%
WA105,370Everett
36%
TX136,791Frisco
36%
OH51,143Lakewood
36%
WA59,097Lakewood
36%
CA81,121Lakewood
36%
CO147,214Lakewood
36%
IN47,135Lawrence
36%
KS90,811Lawrence
36%
MA77,657Lawrence
36%
KS56,143Manhattan
36%
CA172,794Oceanside
36%
VA44,349Charlottesville
35%
VA96,205Portsmouth
35%
FL171,016Port St. Lucie
35%
GA94,034Roswell
35%
NM48,611Roswell
35%
CA102,216Santa Maria
35%
TX100,223Tyler
35%
WA74,860Auburn
34%
AL58,582Auburn
34%
OK103,500Broken Arrow
34%
CA104,709Burbank
34%
CA97,877Compton
34%
AR87,650Fort Smith
34%
ND54,932Grand Forks
34%
FL100,710Lakeland
34%
TN117,044Murfreesboro
34%
PA43,935York
34%
NC151,088Cary
33%
CO59,778Grand Junction
33%
MT59,351Great Falls
33%
MO117,240Independence
33%
TX137,147Killeen
33%
CA79,068Napa
33%
CA157,161Palmdale
33%
FL36,877Panama City
33%
NJ145,948Paterson
33%
MA93,494Quincy
33%
IL40,915Quincy
33%
FL53,326Sarasota
33%
TX37,442Texarkana
33%
NY61,808Utica
33%
OH40,768Warren
33%
MI134,873Warren
33%
CT60,568Bristol
32%
ID46,402Coeur d'Alene
32%
MI75,548Kalamazoo
32%
FL77,508Melbourne
32%
ID86,518Nampa
32%
PA87,893Reading
32%
WA91,113Spokane Valley
32%
CA110,972Carlsbad
31%
CA159,503Corona
31%
NM45,426Farmington
31%
CA203,003Fontana
31%
TX183,372Grand Prairie
31%
MA108,861Lowell
31%
TX148,559McKinney
31%
MS40,921Meridian
31%
ID83,596Meridian
31%
CA201,175Moreno Valley
31%
CA171,386Rancho Cucamonga
31%
CA155,662Salinas
31%
AZ123,546Surprise
31%
CA128,731Thousand Oaks
31%
UT133,579West Valley City
31%
WA93,257Yakima
31%
OH65,184Youngstown
31%
WA82,631Bellingham
30%
NJ76,903Camden
30%
IL83,424Champaign
30%
CA88,077Chico
30%
MI95,884Dearborn
30%
CA161,007Elk Grove
30%
OH42,635Fairfield
30%
CA109,320Fairfield
30%
TN68,886Franklin
30%
TX54,898Georgetown
30%
MS71,012Gulfport
30%
CA111,542Inglewood
30%
LA74,024Lake Charles
30%
TX143,484Mesquite
30%
NH87,137Nashua
30%
SC104,054North Charleston
30%
KS131,885Olathe
30%
ID54,350Pocatello
30%
CA151,348Pomona
30%
CA147,478Torrance
30%
CA108,817Ventura
30%
TX65,098Victoria
30%
UT110,077West Jordan
30%
WI73,596Appleton
29%
FL89,407Boca Raton
29%
KY61,488Bowling Green
29%
OH72,535Canton
29%
OH43,607Dublin
29%
CA52,105Dublin
29%
WI67,545Eau Claire
29%
TX80,836Edinburg
29%
CA148,738Escondido
29%
IL75,570Evanston
29%
CA138,981Fullerton
29%
OR77,677Medford
29%
MA57,170Medford
29%
CT87,776Norwalk
29%
CA106,589Norwalk
29%
MI47,555Roseville
29%
CA127,035Roseville
29%
CA101,128San Mateo
29%
NY49,974Troy
29%
MI82,821Troy
29%
OR93,542Beaverton
28%
IN85,927Carmel
28%
TX126,700Carrollton
28%
CA66,205Davis
28%
MD66,893Frederick
28%
CA151,574Hayward
28%
OR97,368Hillsboro
28%
FL111,378Miami Gardens
28%
CA66,642Palo Alto
28%
TX109,821Round Rock
28%
FL40,918St. Cloud
28%
MN66,297St. Cloud
28%
CA147,559Sunnyvale
28%
CA127,763Visalia
28%
CA91,739Westminster
28%
CO110,945Westminster
28%
CO111,707Arvada
27%
MA40,664Beverly
27%
NM39,508Clovis
27%
CA99,769Clovis
27%
AL55,816Decatur
27%
IL74,710Decatur
27%
IL110,145Elgin
27%
CA175,140Garden Grove
27%
CO96,539Greeley
27%
AL84,126Hoover
27%
ND46,321Minot
27%
CA87,273Newport Beach
27%
FL162,329Pembroke Pines
27%
TX97,492San Angelo
27%
CA89,387San Marcos
27%
TX54,076San Marcos
27%
NV93,282Sparks
27%
TX83,860Sugar Land
27%
CO127,359Thornton
27%
ID45,981Twin Falls
27%
CA118,837Vallejo
27%
CA121,096Victorville
27%
CT109,676Waterbury
27%
IA61,792Ames
26%
FL126,604Coral Springs
26%
CA104,739Daly City
26%
SC37,792Florence
26%
AL40,059Florence
26%
OR109,397Gresham
26%
AR71,551Jonesboro
26%
MO50,789Joplin
26%
FL65,173Kissimmee
26%
FL130,288Miramar
26%
UT91,648Orem
26%
WI78,199Racine
26%
CA46,377San Luis Obispo
26%
CA126,181Simi Valley
26%
MI131,224Sterling Heights
26%
VA85,728Suffolk
26%
CA107,100Antioch
25%
CO106,114Centennial
25%
IA58,253Dubuque
25%
OK87,004Edmond
25%
NE50,550Grand Island
25%
OH62,258Hamilton
25%
NC107,741High Point
25%
VA78,014Lynchburg
25%
TX81,050Mission
25%
MA95,078New Bedford
25%
MA87,971Newton
25%
WI66,778Oshkosh
25%
TX104,475Richardson
25%
NM91,956Rio Rancho
25%
CA106,780Temecula
25%
NY46,444Binghamton
24%
NC59,635Chapel Hill
24%
MS47,556Hattiesburg
24%
TN65,123Johnson City
24%
OK97,151Lawton
24%
UT48,913Logan
24%
TX81,443Longview
24%
MA91,589Lynn
24%
CA81,102Merced
24%
SC74,885Mount Pleasant
24%
AR66,075North Little Rock
24%
FL57,468Ocala
24%
FL104,898Palm Bay
24%
TX100,065Pearland
24%
WA97,003Renton
24%
GA99,770Sandy Springs
24%
MO77,147St. Joseph
24%
RI81,971Warwick
24%
IA61,255West Des Moines
24%
AR40,167Bentonville
23%
PA75,018Bethlehem
23%
CA113,242Downey
23%
CA115,708El Monte
23%
NJ52,575Hoboken
23%
WA76,762Kennewick
23%
AZ52,844Lake Havasu City
23%
TX101,074Lewisville
23%
TX60,872Mansfield
23%
OH46,454Mansfield
23%
CA107,479Murrieta
23%
NY79,446New Rochelle
23%
FL104,410Pompano Beach
23%
TX54,135Port Arthur
23%
AZ40,590Prescott
23%
NY65,902Schenectady
23%
PA41,757State College
23%
TX70,190Temple
23%
TX46,081Texas City
23%
IA68,366Waterloo
23%
CA107,740West Covina
23%
PA45,796Altoona
22%
CA70,924Apple Valley
22%
MN50,201Apple Valley
22%
VA43,609Blacksburg
22%
CA39,389Calexico
22%
CA80,988Chino
22%
OR55,298Corvallis
22%
CA112,174Costa Mesa
22%
CT83,684Danbury
22%
CA102,211El Cajon
22%
WA92,734Federal Way
22%
CA83,539Indio
22%
WI51,522La Crosse
22%
TX90,983League City
22%
MO93,184Lee's Summit
22%
GA59,089Marietta
22%
FL61,007North Miami
22%
MA78,804Somerville
22%
SC37,647Spartanburg
22%
MO67,569St. Charles
22%
CA94,275Vacaville
22%
IL88,826Waukegan
22%
IN55,670Anderson
21%
MA94,089Brockton
21%
TX78,709Bryan
21%
IA61,969Council Bluffs
21%
CA43,341Danville
21%
VA42,907Danville
21%
FL96,830Davie
21%
MI48,554East Lansing
21%
MA88,697Fall River
21%
AZ72,864Goodyear
21%
OH38,355Lima
21%
CO89,919Longmont
21%
CO71,334Loveland
21%
OH48,630Middletown
21%
CT47,333Middletown
21%
CA96,346Mission Viejo
21%
OK58,414Moore
21%
NY68,224Mount Vernon
21%
KY58,416Owensboro
21%
MI50,303Saginaw
21%
CA66,174South San Francisco
21%
AR75,229Springdale
21%
FL90,116Sunrise
21%
MI61,817Taylor
21%
IL41,752Urbana
21%
WI71,016Waukesha
21%
NY57,866White Plains
21%
PA41,108Wilkes-Barre
21%
CA76,419Alameda
20%
MI51,848Battle Creek
20%
MO47,749Chesterfield
20%
IL84,103Cicero
20%
KY40,956Covington
20%
AL68,001Dothan
20%
OK50,725Enid
20%
IN78,967Hammond
20%
FL64,079Homestead
20%
FL58,298Jupiter
20%
WA84,430Kirkland
20%
CO44,275Littleton
20%
MI95,208Livonia
20%
TX70,185Missouri City
20%
CA77,846Mountain View
20%
IN70,316Muncie
20%
TX63,279New Braunfels
20%
RI71,172Pawtucket
20%
WA57,530Redmond
20%
CA80,872Redwood City
20%
WA52,413Richland
20%
CA72,528Union City
20%
NJ68,247Union City
20%
CA96,929Vista
20%
MI74,100Wyoming
20%
TX48,592Bedford
19%
LA66,333Bossier City
19%
ID48,957Caldwell
19%
AR63,816Conway
19%
CA48,508Covina
19%
RI80,566Cranston
19%
FL86,290Deltona
19%
IN83,891Fishers
19%
TN39,375Germantown
19%
SC39,412Hilton Head Island
19%
WI63,820Janesville
19%
CA98,030Jurupa Valley
19%
CA85,156Livermore
19%
IL54,664Normal
19%
CT40,347Norwich
19%
CO48,608Parker
19%
OH80,429Parma
19%
AR46,094Pine Bluff
19%
FL90,268Plantation
19%
CA101,910Rialto
19%
CA87,965San Leandro
19%
IL74,907Schaumburg
19%
WI48,725Sheboygan
19%
OK47,186Stillwater
19%
IN61,025Terre Haute
19%
GA56,481Valdosta
19%
CA65,416Yuba City
19%
GA62,298Alpharetta
18%
AZ78,822Avondale
18%
TX75,418Baytown
18%
FL51,763Bradenton
18%
CA55,000Brentwood
18%
TN40,021Brentwood
18%
MN78,373Brooklyn Park
18%
TX63,032Conroe
18%
FL49,631Coral Gables
18%
IN51,265Elkhart
18%
WI42,970Fond du Lac
18%
TX65,665Harlingen
18%
VA51,395Harrisonburg
18%
CA92,147Hesperia
18%
CA54,291Highland
18%
LA66,975Kenner
18%
MN40,641Mankato
18%
WA63,269Marysville
18%
MI37,213Muskegon
18%
NJ55,831New Brunswick
18%
MO82,809O'Fallon
18%
WA67,599Pasco
18%
MI59,887Pontiac
18%
MD64,072Rockville
18%
CA58,994San Rafael
18%
TX39,296Sherman
18%
UT59,366South Jordan
18%
FL60,202Wellington
18%
NC49,628Wilson
18%
CA84,577Alhambra
17%
IL75,994Arlington Heights
17%
CO59,471Broomfield
17%
IA40,566Cedar Falls
17%
CA76,572Chino Hills
17%
CA60,189Cupertino
17%
RI47,149East Providence
17%
MI81,295Farmington Hills
17%
MD65,690Gaithersburg
17%
NC73,209Gastonia
17%
TX50,195Grapevine
17%
IN53,665Greenwood
17%
MD40,612Hagerstown
17%
NY55,361Hempstead
17%
TN52,962Kingsport
17%
IN56,895Kokomo
17%
FL78,409Largo
17%
UT70,790Layton
17%
UT54,382Lehi
17%
IL43,116Moline
17%
MN39,398Moorhead
17%
FL78,740Palm Coast
17%
CA50,508Palm Desert
17%
TX73,790Pharr
17%
MA44,057Pittsfield
17%
SC69,103Rock Hill
17%
AR60,112Rogers
17%
TN43,060Smyrna
17%
GA53,438Smyrna
17%
CA84,691Tracy
17%
CA86,635Whittier
17%
AZ56,683Buckeye
16%
MO38,816Cape Girardeau
16%
CO53,063Castle Rock
16%
NJ85,390Clifton
16%
CA39,428Culver City
16%
IL58,918Des Plaines
16%
MN49,376Edina
16%
CA43,363El Centro
16%
TX68,609Flower Mound
16%
WI37,159Greenfield
16%
CA86,199Hawthorne
16%
CA81,750Hemet
16%
TN54,068Hendersonville
16%
KS41,889Hutchinson
16%
GA82,788Johns Creek
16%
VA47,673Leesburg
16%
CA63,105Madera
16%
AZ45,508Maricopa
16%
CA83,447Menifee
16%
MN51,368Minnetonka
16%
CT72,939New Britain
16%
CA69,999Redlands
16%
NC56,954Rocky Mount
16%
UT37,733Roy
16%
CA65,040San Clemente
16%
FL56,002Sanford
16%
KS64,323Shawnee
16%
MS50,997Southaven
16%
CA95,677South Gate
16%
GA72,531Warner Robins
16%
WI39,309Wausau
16%
FL68,388Weston
16%
IA51,567Ankeny
15%
TN58,226Bartlett
15%
IL41,679Bartlett
15%
IL42,895Belleville
15%
WI36,888Beloit
15%
MO53,294Blue Springs
15%
FL71,097Boynton Beach
15%
WA39,056Bremerton
15%
AZ39,383Bullhead City
15%
AZ50,111Casa Grande
15%
CA85,285Citrus Heights
15%
MN62,103Coon Rapids
15%
FL78,041Deerfield Beach
15%
TX51,483DeSoto
15%
MN62,603Eden Prairie
15%
CA61,588Encinitas
15%
TX53,224Euless
15%
CA51,701Gilroy
15%
CA54,686Hanford
15%
NC40,361Hickory
15%
CA79,312Lake Forest
15%
KS50,344Lenexa
15%
CA63,338Lodi
15%
OH63,710Lorain
15%
VA41,705Manassas
15%
OK56,756Midwest City
15%
OK38,863Muskogee
15%
WI39,834New Berlin
15%
IL52,066Oak Park
15%
NJ70,868Passaic
15%
TX53,752Pflugerville
15%
CA74,110Pleasanton
15%
AZ39,791Prescott Valley
15%
IL38,877Rock Island
15%
AZ45,129Sierra Vista
15%
IL65,176Skokie
15%
UT36,956Spanish Fork
15%
FL44,206Titusville
15%
CA66,900Walnut Creek
15%
CA49,891West Sacramento
15%
CA56,590Woodland
15%
AZ37,130Apache Junction
14%
CA57,639Arcadia
14%
CA77,593Bellflower
14%
IL73,936Bolingbrook
14%
MD56,759Bowie
14%
CA82,882Buena Park
14%
CA66,086Camarillo
14%
TX61,238Cedar Park
14%
CA43,092Coachella
14%
CO49,799Commerce City
14%
MI56,620Dearborn Heights
14%
FL64,072Delray Beach
14%
MN65,453Eagan
14%
NJ64,544East Orange
14%
WA40,727Edmonds
14%
OH53,956Elyria
14%
CA73,098Folsom
14%
CA59,957Gardena
14%
CA58,879Huntington Park
14%
IN45,929Jeffersonville
14%
TX42,907Keller
14%
MN58,562Lakeville
14%
MN65,415Maple Grove
14%
CT60,456Meriden
14%
CT51,644Milford
14%
CA69,783Milpitas
14%
CA59,834National City
14%
FL43,250North Miami Beach
14%
CA59,440Petaluma
14%
AL37,498Phenix City
14%
CA67,815Redondo Beach
14%
MI72,952Rochester Hills
14%
CA59,738Rocklin
14%
CA42,443San Bruno
14%
CA74,513San Ramon
14%
WA54,790Shoreline
14%
MN47,411St. Louis Park
14%
SC46,074Summerville
14%
CA75,413Upland
14%
NJ61,050Vineland
14%
CT55,046West Haven
14%
NJ52,122West New York
14%
CA67,032Yorba Linda
14%
NC42,214Apex
13%
MN60,407Blaine
13%
WI37,999Brookfield
13%
CA52,977Cathedral City
13%
TX46,663Cedar Hill
13%
OH45,394Cleveland Heights
13%
IL43,849DeKalb
13%
OH41,512Findlay
13%
MO52,363Florissant
13%
NC50,458Huntersville
13%
NC44,359Kannapolis
13%
OK37,610Lake Oswego
13%
CA58,642La Mesa
13%
CA71,371Lynwood
13%
CA71,948Manteca
13%
UT48,612Murray
13%
FL59,212North Port
13%
TX67,317North Richland Hills
13%
CA54,980Paramount
13%
CA72,326Perris
13%
CA55,174Porterville
13%
CA67,911Rancho Cordova
13%
TX40,922Rockwall
13%
MI73,006Southfield
13%
SC41,190Sumter
13%
TX39,458The Colony
13%
OR50,444Tigard
13%
CA61,170Tulare
13%
CA70,365Turlock
13%
CA78,327Tustin
13%
MI82,578Westland
13%
IL38,015Wheeling
13%
MN65,656Woodbury
13%
TX44,575Wylie
13%
CA47,842Azusa
12%
CA76,635Baldwin Park
12%
NJ65,028Bayonne
12%
FL47,547Bonita Springs
12%
UT43,023Bountiful
12%
CA40,963Brea
12%
GA50,603Brookhaven
12%
TX40,714Burleson
12%
MN61,434Burnsville
12%
CA40,584Campbell
12%
MA37,670Chelsea
12%
MA55,717Chicopee
12%
TN47,333Collierville
12%
CA53,243Colton
12%
TX40,342Coppell
12%
OH49,267Cuyahoga Falls
12%
CA49,087Cypress
12%
CA52,403Delano
12%
CA56,449Diamond Bar
12%
UT45,285Draper
12%
TX39,605Duncanville
12%
OH48,139Euclid
12%
FL43,074Fort Pierce
12%
NY43,167Freeport
12%
NJ44,113Hackensack
12%
MA62,088Haverhill
12%
MA40,249Holyoke
12%
NJ41,664Kearny
12%
OR37,064Keizer
12%
OH55,870Kettering
12%
CA57,525Lake Elsinore
12%
CA43,509Lompoc
12%
AZ38,290Marana
12%
IN56,540Noblesville
12%
CA54,194Novato
12%
MI57,960Novi
12%
IL57,073Oak Lawn
12%
IL58,590Orland Park
12%
AZ41,627Oro Valley
12%
IL69,350Palatine
12%
FL50,699Palm Beach Gardens
12%
IL41,734Plainfield
12%
NJ50,588Plainfield
12%
WA38,609Puyallup
12%
MA53,756Revere
12%
UT40,921Riverton
12%
TX58,043Rowlett
12%
CA45,851San Jacinto
12%
CA56,105Santee
12%
MA56,069Taunton
12%
IA41,776Urbandale
12%
CA52,477Watsonville
12%
TX37,093Weslaco
12%
WI60,697West Allis
12%
MA41,301Westfield
12%
IL53,648Wheaton
12%
RI41,026Woonsocket
12%
CA50,175Aliso Viejo
11%
FL45,587Apopka
11%
MA43,886Attleboro
11%
WA49,858Burien
11%
CA49,707Cerritos
11%
FL50,213Doral
11%
IL49,670Downers Grove
11%
GA47,591Dunwoody
11%
CA56,707Fountain Valley
11%
TX37,587Friendswood
11%
CA51,074Glendora
11%
TX43,580Haltom City
11%
TX38,448Hurst
11%
MI50,233Kentwood
11%
WA44,919Lacey
11%
CA64,652Laguna Niguel
11%
CA61,653La Habra
11%
FL69,813Lauderhill
11%
MA41,002Leominster
11%
MA60,509Malden
11%
MN39,765Maplewood
11%
MA39,414Marlborough
11%
CA37,165Martinez
11%
OH46,979Mentor
11%
IN47,989Mishawaka
11%
CA37,101Monrovia
11%
CA38,027Montclair
11%
CA63,495Montebello
11%
CA61,085Monterey Park
11%
IL54,771Mount Prospect
11%
CO37,499Northglenn
11%
FL42,757North Lauderdale
11%
CA38,194Oakley
11%
CA38,606Pacifica
11%
NJ51,982Perth Amboy
11%
FL49,998Pinellas Park
11%
MI47,523Portage
11%
FL57,203Port Orange
11%
CA49,417Poway
11%
CA42,448Rancho Palos Verdes
11%
CA49,228Rancho Santa Margarita
11%
CA54,561Rosemead
11%
WA50,169Sammamish
11%
CA40,275San Gabriel
11%
UT60,519Taylorsville
11%
MA62,227Waltham
11%
WI47,134Wauwatosa
11%
IL37,385Addison
10%
FL42,150Altamonte Springs
10%
FL37,199Aventura
10%
OH45,712Beavercreek
10%
CA42,889Bell Gardens
10%
IL41,778Buffalo Grove
10%
IL37,240Calumet City
10%
CA46,714Ceres
10%
FL56,792Coconut Creek
10%
IL40,388Crystal Lake
10%
CA55,191Eastvale
10%
IL45,556Elmhurst
10%
MA40,383Fitchburg
10%
SC39,823Goose Creek
10%
OH37,490Grove City
10%
IL52,398Hoffman Estates
10%
CA49,133La Mirada
10%
CA39,331La Quinta
10%
FL43,286Oakland Park
10%
FL38,661Ormond Beach
10%
MA52,044Peabody
10%
GA40,059Peachtree Corners
10%
CA63,771Pico Rivera
10%
CA52,206Placentia
10%
MI58,946Royal Oak
10%
MN39,167Shakopee
10%
CT40,999Shelton
10%
CA38,623Stanton
10%
MI60,070St. Clair Shores
10%
IL57,282Tinley Park
10%
FL37,711Winter Garden
10%
CA52,536Yucaipa
10%
MA44,641Barnstable Town
9%
IL56,758Berwyn
9%
FL43,328Cutler Bay
9%
IL45,417Glenview
9%
FL38,696Greenacres
9%
OH38,142Huber Heights
9%
MI37,313Lincoln Park
9%
NJ41,301Linden
9%
IL43,907Lombard
9%
FL55,456Margate
9%
MA48,514Methuen
9%
CA40,836Morgan Hill
9%
FL39,172Ocoee
9%
CA41,398Rohnert Park
9%
IL39,650Romeoville
9%
OH44,730Strongsville
9%
FL63,155Tamarac
9%
OH37,530Westerville
9%
MA39,083Woburn
9%
IL40,379Carol Stream
8%
IL38,241Carpentersville
8%
FL38,632Hallandale Beach
8%
IL38,510Hanover Park
8%
CA40,435La Puente
8%
NJ44,412Sayreville
8%
NY37,659Valley Stream
8%
MA55,419Weymouth Town
8%
IL37,839Park Ridge
7%
IL40,351Streamwood
7%

Score Distribution

Percentile by Number Answered

Percent of People with Each Score

Your Score History

You have not taken this quiz since the last reset